Niños con epilepsia: guía para padres, terapeutas y educadores

Guardat en:
Dades bibliogràfiques
Autor principal: Reisner, Helen (Autor)
Format: Llibre
Idioma:espanyol
Publicat: Ciudad de México Trillas 1999
Matèries:
Etiquetes: Afegir etiqueta
Sense etiquetes, Sigues el primer a etiquetar aquest registre!

MARC

LEADER 00000nam a2200000 a 4500
001 UCO0482
003 CL-VaPUC
008 000420e19990000MX |||||||||||||||||spa|d
082 0 4 |a 616.853  |b REI  |2 21 
100 0 |a Reisner, Helen  |e author  |9 441792 
245 1 0 |a Niños con epilepsia: guía para padres, terapeutas y educadores 
300 |a 238 p 
942 |c BK 
945 |d 20000420 00:00:00  |a rbrito 
260 |a Ciudad de México  |b Trillas  |c 1999 
650 0 |a Epilepsia  |9 334738 
650 0 |a Educación especial  |9 307486 
650 7 |a NIÑOS IMPEDIDOS  |2 CL-VaPUC  |9 309741 
650 0 |a Electroencefalograma (EEG)  |9 441793 
650 0 |a Autoestima  |9 308492 
650 0 |a Aspectos legales  |9 323328 
583 |a last modification  |c 20000420 00:00:00  |k Rodrigo Vera 
999 |c 287180  |d 287178 
952 |0 0  |1 0  |4 0  |6 616_853000000000000_REI_1999  |7 0  |8 A  |9 333642  |a BIBEDU  |b BIBEDU  |d 2019-11-20  |i 3608352  |o 616.853 REI 1999  |p 3608352  |r 2019-11-20  |w 2019-11-20  |y BK  |k EPE